000 01059cam a22002891 4500
001 e 42000262
003 DLC
005 20260227111231.0
008 790824s1941 lauk 000 0 eng c
010 _ae 42000262
035 _a(OCoLC)5306965
040 _aU.S. Off. of educ. Library
_cLU
_dDLC
042 _apremarc
043 _an-us-la
050 0 0 _aLB154
_b.B32 no. 457
082 _a371.716
100 1 _a[Simmons, Uarda]
245 1 0 _aSuggestions for administering the school lunch program in Louisiana.
_cPrepared under the direction of the Home-economics division of the Department of instruction and supervision. Issued by John E. Coxe, state superintendent of public education.
260 _aBaton Rouge
_c[1941]
300 _a60 p. incl. forms.
_c23 cm.
490 0 _aLouisiana. Dept. of education. Bulletin
_vno. 457
500 _a"Prepared by Miss Uarda Simmons."--p. [3]
504 _aBibliography: p. 47.
650 0 _aSchool children
_xFood.
650 0 _aChildren
_xNutrition.
740 0 _aSchool lunch program in Louisiana.
999 _c21882
_d21882